Countries in NATO - Statistics

General Stats
  • This quiz has been taken 34 times
  • The average score is 9 of 17
Answers on the Grid
Answers color-coded by a green-red scale on the quiz's grid according to % correct below.
Italy
Ireland
Austria
Turkey
Cyprus
Finland
Morocco
Latvia
Canada
Mexico
Serbia
Denmark
Malta
Germany
Netherlands
Poland
Suriname
USA
Romania
Ukraine
Lithuania
Belarus
Moldova
United Kingdom
Estonia
Sweden
Guyana
Croatia
Bosnia
Albania
 
Answer Stats
Answer % Correct
USA
78%
Sweden
70%
United Kingdom
70%
Germany
65%
Netherlands
61%
Poland
61%
Canada
57%
Denmark
57%
Finland
57%
Italy
57%
Latvia
52%
Turkey
52%
Croatia
48%
Estonia
48%
Lithuania
43%
Romania
43%
Albania
26%
No matching quizzes found
Score Distribution
Percent of People with Each Score
Percentile by Number Answered
Your Score History
You have not taken this quiz